01071nam0a22002531 4500001001100000005001700011021001900028035002600047100004100073101000800114102000700122105001800129200015700147210003500304215002300339320005000362606008900412606013500501700006000636701006200696801001800758801002200776852001900798rc\471259920250612161425.0 aRUb[64-67724] a(NLR Aleph) 008724889 a20130416d1964 |||y0rusy50 ca0 arus aRU aa z |||||1 aОткрытая разработка нерудных месторожденийe[Учеб. пособие для горных техникумов] aМоскваcНедраd1964 a272 с.cил.d22 aБиблиогр.: с. 268-269 (37 назв.) aГорные работы открытыеjУчебники и пособия2psbo aНеметаллические ископаемыеxСистемы разработкиjУчебники и пособия2psbo 1aНовакbЕ.А.gЕвгений Андреевич 1aРезниченкоbС.С.gСемен Саулович 0aRUbNLRgpsbo 1aRUbELAR2rusmarc aNLRj64-5/4340